01081cam a22002771 4500001001300000003000400013005001700017008004100034010001700075035001900092040005200111042001200163043001200175050002500187051002500212100002800237245013900265260004300404300004900447490013300496500008000629650002800709650002500737650002600762999001500788agr14000099 DLC20260227110936.0771006s1913 dcuf f001 0 eng c aagr14000099  a(OCoLC)3321190 aU.S. Dept. of agr. LibrarycMnStpeGdOCoLCdDLC apremarc an-usu--00aJK1b.U5 v 16 pt. 13 aQK524.B6bT5cCopy 21 aTidestrom, Ivar,d1865-00aBotrychium virginianum and its forms.bSphenoclea seylanica and Caperonia palustris in the southern United States.cBy Ivar Tidestrom. aWashington,bGovt. print. off.,c1913. av, 299-307 p., p. vii.bpl. 102-103.c24 cm.0 aSmithsonian institution. United States national museum. Contributions from the United States national herbarium.vv. 16, pt.13 a"Bulletin of the United States national museum. Issued December 29, 1913." 0aBotrychium virginianum. 0aCaperonia palustris. 0aSphenoclea zeylanica. c8283d8283